| 000 | 00729nam a2200229 a 4500 | ||
|---|---|---|---|
| 001 | 4690 | ||
| 003 | CDMR | ||
| 005 | 20131115123219.0 | ||
| 008 | 130130s2004||||sp |||||||||||||||||cat|d | ||
| 020 | _a849620121X | ||
| 040 |
_aCDMR _bcat _cCDMR |
||
| 100 | 1 |
_93242 _aPartal, Vicent |
|
| 245 | 1 | 0 |
_a11-M _b: el periodisme en crisi _cVicent Partal, Martxelo Otamendi ; edició i pròleg d'Eduard Voltas |
| 260 |
_aBarcelona _bAra Llibres _c2004 |
||
| 300 | _a93 p. | ||
| 490 | 0 | _aPeriodistes | |
| 650 | 0 | 4 |
_91994 _aTerrorisme i mitjans de comunicació de massa |
| 650 | 0 | 4 |
_93243 _aMitjans de comunicació de massa _xManipulació |
| 700 | 1 |
_93241 _aOtamendi, Martxelo _d1957- |
|
| 700 | 1 |
_91521 _aVoltas, Eduard _eed. |
|
| 942 |
_cMON _2udc |
||
| 999 |
_c4690 _d4690 |
||